000 00530nam a2200181Ia 4500
003 OSt
005 20260326151123.0
008 211028s2009 xx 000 0 und d
040 _cAIMIT LIBRARY
041 _aeng
082 _a658.3 DSOA
100 _aDsouza, Astrid Carmline;Dhananjaya K.
_g716005
_96040
245 _aA study on effectiveness of training at BSNL, Mangalore /
260 _bDhananjaya K
_c2009
600 _aHuman Resource Management
_96041
650 _aHuman Resource Management
_96042
942 _2ddc
_cPRO
999 _c218105
_d218105